Statistics for Arsenal Best XI

Click here to take the quiz!

General Stats

  • This quiz has been taken 563 times
    (526 since last reset)
  • The average score is 10 of 18

Answer Stats

HintAnswer% Correct
STThierry Henry
97%
STDennis Bergkamp
87%
GKDavid Seaman
86%
RMRobert Pires
84%
LBAshley Cole
83%
CBSol Campbell
81%
CBTony Adams
77%
LMFredrik Ljungberg
60%
SUBFabregas
55%
SUBJens Lehmann
55%
SUBLee Dixon
50%
CMPatrick Vieira
44%
CMPetit
44%
RBBacary Sagna
38%
SUBNigel Winterburn
32%
SUBKanu
22%
SUBMarc Overmars
20%
SUBRobin Van Persie
2%

Score Distribution

Percentile by Number Answered

Percent of People with Each Score

Your Score History

You have not taken this quiz since the last reset